| 000 | 00729nam a2200193 a 4500 | ||
|---|---|---|---|
| 001 | 571 | ||
| 003 | CO-ViMGA | ||
| 008 | 141112s2004 ck r 000 u spa d | ||
| 040 |
_aCO-ViMGA _bspa _cCO-ViMGA |
||
| 082 | 0 | 4 | _a658.4 R393 |
| 100 | 1 |
_aReyes Ponce, Agustin _948417 |
|
| 245 | 1 | 0 | _aEl administrador de empresas, ¿Que hace? |
| 250 | _a3a | ||
| 260 |
_aMexico : _bAlhambra, _c1995 |
||
| 300 | _a86 p | ||
| 505 | _aQue es un Administrador 13 - - El administrador y la planeación 25 - - El administrador y las finanzas 43 - - El administrador y las relaciones humanas 55 - - El administrador y la investigación 73 - - El administrador y la educación 77 | ||
| 650 | 1 | 4 |
_aADMINISTRACION DE EMPRESAS _92735 |
| 942 |
_2ddc _cBK |
||
| 999 |
_c12812 _d12812 |
||